[Event "ROM-chT"]
[Site "Baile Govora"]
[Date "2017.11.13"]
[Round "3.5"]
[White "Ivanisevic, Ivan"]
[Black "Kuzubov, Yuriy"]
[Result "0-1"]
[WhiteElo "2582"]
[BlackElo "2690"]
[Annotator "Marin,M"]
[PlyCount "154"]
[EventDate "2017.11.11"]
[EventType "team-tourn"]
[EventRounds "9"]
[EventCountry "ROU"]
[SourceTitle "CBM 182"]
[Source "ChessBase"]
[SourceDate "2018.01.17"]
[SourceVersion "1"]
[SourceVersionDate "2018.01.17"]
[SourceQuality "1"]
[WhiteTeam "Timisoara Universitatea de Vest"]
[BlackTeam "Timisoara Medicina"]
[WhiteTeamCountry "ROU"]
[BlackTeamCountry "ROU"]

{It was a pleasure to have Yuriy as a team mate last year as his games are a
feast to watch. I believe the game below is typical for his uncompromising
style in all the phases, including mutual time trouble. But the same goes for
his opponent, only that, in this game and in the whole tournament, his result
was not the desired one, while Yuriy scored massively.} 1. d4 Nf6 2. c4 e6 3.
Nc3 Bb4 4. Qc2 d5 5. a3 Bxc3+ 6. Qxc3 O-O ({The classical treatment of this
variation seems to remain valid:} 6... Ne4 7. Qc2 c5 8. dxc5 Nc6 {Giri,A (2784)
-Adams,M (2737) London 2015 CBM 170 [Krasenkow,M] (1/2-1/2, 26)}) 7. cxd5 (7.
Bg5 dxc4 8. Qxc4 b6 {is known to have drawish tendencies. Yuriy had faced this
line with White and despite the peaceful result the game shows there is room
for starting entertaining play:} 9. Rd1 Ba6 10. Qc2 h6 11. Bh4 Nbd7 12. e4 Bxf1
13. Kxf1 Qc8 14. Qc6 Qa6+ 15. Ne2 Rac8 16. f3 Nb8 17. Qc2 Nbd7 18. Kf2 c5 19.
d5 exd5 20. Bxf6 Nxf6 21. e5 Ne8 22. Rxd5 Nc7 23. Rd6 Ne6 24. Rhd1 c4 $11 {
Kuzubov,Y (2635)-Lalith,B (2579) Grosseto Prugna 2016 (1/2-1/2, 40)}) 7... Ne4
{The most active continuation.} ({But the solid} 7... exd5 {is also viable.} 8.
Bg5 h6 9. Bxf6 Qxf6 10. e3 c6 11. Nf3 Bf5 12. Bd3 Nd7 13. O-O Bxd3 14. Qxd3 Qd6
{1/2-1/2 Gagunashvili,M (2596)-Rozentalis,E (2631) Toronto 2010. With a
comfortable version of the Karlsbad structure.}) 8. Qc2 {The queen will soon
be exposed on this square but the alternative allows Black additional
possibilities:} (8. Qb3 $6 c5 $5 {[%csl Gf2][%cal Gd8a5]} ({Actually} 8... exd5
9. Nf3 c5 {as played in Kiriakov,P (2535)-Sjugirov,S (2670) Sochi 2015 (0-1,
18) to which we refer below, may just transpose.}) 9. dxc5 (9. Nf3 exd5 {
makes no difference.}) (9. dxc6 {helps Black developing, yielding him a strong
initiative.} Nxc6 {[%csl Rd2][%cal Gd8a5] Renewing the threat.} 10. Qd3 Qa5+
11. Bd2 Qxd2+ 12. Qxd2 Nxd2 13. Kxd2 Nxd4 $15) 9... exd5 10. Nf3 Nc6 ({
Targetting b3 also makes sense:} 10... Na6 11. e3 Naxc5 12. Qd1 Bd7 13. Nd4 Ba4
14. Qf3 Nb3 15. Nxb3 Bxb3 16. Bd3 Qa5+ 17. Ke2 Rac8 18. Qf5 Bc2 {0-1 Kiriakov,
P (2535)-Sjugirov,S (2670) Sochi 2015}) 11. e3 Qa5+ (11... Bg4 $36 12. Be2 $6
Qa5+) 12. Nd2 Qxc5 13. Be2 Bf5 14. O-O Nd6 $5 {Avoiding the knight exchange.
Black soon gets a tempo back after the white knight's recycling.} 15. Nf3 a5
16. Bd2 a4 17. Qd1 Ne4 18. Be1 Rfd8 $11 {Dao,T (2463)-Sasikiran,K (2676)
Ashkhabad 2017 (1/2-1/2, 30)}) 8... exd5 9. Bf4 {The bishop will soon be
exposed but keeping it within the pawn chain is more passive.} (9. e3 Bf5 10.
Bd3 $6 (10. Qd1 Nd7 $11) 10... c5 (10... Qg5 $36) 11. dxc5 Nd7 12. Ne2 Ndxc5
13. Bxe4 Nxe4 14. Nd4 Bg6 15. Qd1 {1/2-1/2 Kramnik,V (2759)-Anand,V (2791)
Nice (rapid) 2009}) 9... Nc6 {One may ask oneself what the knight is doing
here, in front of the pawn. But as the game goes White will have to play Ne5,
which turns the last move into a developing one, defending c7 on the way.} ({
But the sacrifice} 9... Bf5 {also offers Black counterplay:} 10. Qxc7 Qxc7 11.
Bxc7 Rc8 12. Bf4 Nc6 {But now developing is essential.} (12... Rc2 $6 13. f3
Nf6 14. g4 Bg6 15. h4 $16 {Morozevich,A (2751)-Alekseev,E (2714) Biel 2009 CBM
132 [Krasenkow,M] (1-0, 34)}) 13. f3 Nf6 14. g4 Bg6 15. h4 (15. e3 Na5 $132)
15... Nxd4 $13 {Al Sayed,M (2504)-Moradiabadi,E (2560) Ha Long City 2009 (1/
2-1/2, 62)}) 10. e3 Re8 11. Nf3 ({Hurrying to eliminate the optically
unpleasant opposition of the king with the enemy rook exposes His Majesty in
another way:} 11. O-O-O Bf5 12. Bd3 Rc8 13. f3 Nxd4 $1 14. exd4 c5 {Mkrtchian,
L (2503)-Kosintseva,T (2524) Nalchik 2010 CBM 136 [Mikhalchishin,A] (0-1, 40)})
11... g5 {The key move in Black's whole plan. White is slightly underdeveloped
and already has worries with his developed minor pieces.} 12. Bg3 g4 ({Even
though moving a lot with the kingside pawns looks risky,} 12... h5 {is
interesting, too.} 13. Ne5 Bd7 14. Nxc6 Bxc6 15. O-O-O h4 16. Be5 (16. f3 hxg3
17. fxe4 Rxe4 18. Bd3 Rxe3 19. Rdf1 Qd7 20. hxg3 Ba4 $1 {This does not leave
White the time to create threats on h7.} 21. b3 Qc6 $1 {[%cal Ge3d3]}) 16...
Re6 $6 (16... Qd7 $5 $132 {gains a developing tempo as} 17. f3 $2 {runs into}
Ba4 18. b3 Re6 $17) 17. f3 Be8 18. Kb1 Rc6 19. Qe2 f6 $6 ({Black should weaken
the enemy king and buttress his centre with} 19... Nc3+ $5 20. bxc3 f6 21. Bxf6
Qxf6 {offering at least some compensation.}) 20. fxe4 Bg6 21. Qg4 $16 Bxe4+ 22.
Bd3 Bxd3+ 23. Rxd3 Qc8 (23... fxe5 24. Rf1 exd4 25. Rxd4 Rg6 26. e4) 24. Qf3
fxe5 25. Rf1 Qe6 26. dxe5 Rd8 27. e4 d4 28. Rxd4 $1 $18 {Enchev,I (2435)-Ninov,
N (2513) Albena 2011 (1-0, 33)}) 13. Ne5 {As mentioned before this clears the
path to the c-pawn but White does not have a choice.} (13. Nd2 $2 Nxd4 14. exd4
$2 Nxg3+) (13. Bh4 Qd6 14. Nd2 Nxd4) 13... Nxe5 14. Bxe5 c5 15. Be2 $146 {
A interesting novelty. White intends targetting g4.} (15. Bd3 {will soon run
into ...c5-c4.} Bf5 16. Qe2 (16. Qd1 $5) 16... f6 17. Bxe4 Bxe4 18. Bg3 Qa5+
$36 {Carlsen,M (2801)-Kramnik,V (2772) Moscow 2009 CBM 133 [Krasenkow,M] (1/
2-1/2, 58)}) 15... Bf5 16. Qd1 {Well, this is the problem with the 4.Qc2
Nimzoindian. After moving around for a while the queen has the revelation that
there is no better place than home. "Next time I will let the minor pieces
develop first, as the old masters recommended."} Qa5+ 17. b4 {Nice but forced.}
cxb4 18. O-O b3 $5 {At this point in the game both sides have choices, with
the same evaluation: the position is very sharp but basically balanced.} (18...
bxa3 19. Bxg4 Bg6 20. h4 (20. Qc1 Nd2 {[%csl Gf1][%cal Gd2b3]}) 20... f6 21.
Bf4 b5 22. h5 Bf7 23. Rc1 Re7 24. Bf5 $44 {[%cal Gf5e4,Gd1g4]}) (18... Nc3 19.
axb4 Qxb4 20. Qd2 Nxe2+ 21. Qxe2 $44 {[%cal Gf2f3,Ge3e4] In both cases the
exposed black king's position offers White ample compensation for the pawn,
even though Black is in no immediate danger.}) 19. Bxg4 ({Another reasonable
exchange sacrifice is} 19. Qxb3 Nd2 20. Qxb7 Nxf1 21. Rxf1 {White has the
better structure and the black king may get into trouble later, but White's
material advantage keeps the balance even.} Rad8 22. Bb5 (22. Bc7 {is
premature due to} Rd7) 22... Rxe5 ({Or if Black wants to force a draw:} 22...
Re6 23. Bc7 Re7 24. Bxa5 Rxb7 25. Bxd8 Rxb5 26. Rc1 Rb1 $11) 23. dxe5 Qxa3 $13)
19... Nc3 20. Qf3 Bg6 {Trying to keep the king defended.} 21. h4 {There is
nothing to save on the queenside so the best defence is an attack!} b2 22. h5
bxa1=Q 23. Rxa1 Ne4 24. hxg6 hxg6 (24... fxg6 {avoids the threats along the
h-file but weakening the seventh rank is worse:} 25. Rc1 Qxa3 26. Rc7 Qf8 (
26... Re7 $2 27. Be6+ $1) 27. Qh3 (27. Rg7+ Qxg7 28. Bxg7 Kxg7 {leaves White
without attacking ideas and a material disadvantage.}) 27... Ng5 28. Qg3 Nf7
29. Bf6 $36) 25. Qf4 Qb6 26. f3 Rxe5 ({The spectacular} 26... Nf2 $5 {does not
unbalance the position:} 27. Qh2 (27. Kxf2 Qb2+ 28. Kg3 Qxa1 {[%cal Ge8e5]} 29.
Bf6 Qe1+ 30. Kh2 Qxe3) 27... Rxe5 (27... f6 28. Kxf2 Qb2+ 29. Kg3 Qxa1 30. Qh6
$11) 28. Qxe5 Nxg4 29. fxg4 {The queen's activity compensates for the
structural ruins.} Rd8 30. Qe7 Qd6 31. Qxd6 Rxd6 32. Rb1 b6 33. Rc1 $11) 27.
dxe5 (27. Qxe5 Nf6 $15 {[%cal Ga8e8,Gb6b2] stabilises the position in White's
favour.}) 27... g5 $1 {The second pawn goes to g5, this time attacking the
queen.} 28. Qf5 Qxe3+ 29. Kh2 Nc5 {Heading for e6 and preventing the thematic
e5-e6.} (29... Nc3 $5 {[%cal Ge3f4,Gc3e2]} 30. Re1 Qf4+ 31. Kh3 Re8 32. g3 Qxf5
33. Bxf5 $13 {White is very active and Black's pawn is not too relevant yet.})
30. Rd1 Rd8 31. g3 {WHite starts a slow attack against the weakened enemy
kingside. But his king is also exposed so the most probable result remains a
draw.} Ne6 32. Kh3 $5 {White is obviously playing for a win, as his last move
reduces the danger of perpetual check after his attack starts.} (32. Bh5 Rd7
33. Rxd5 Rc7 34. Bxf7+ Rxf7 35. Qxe6 Qe2+ 36. Kh3 Qf1+ {leads to a draw.})
32... Qc5 {By this moment both players experienced time problems, but Black
starts losing the thread first. Quite a typical situation with an exposed king.
The last move is not a mistake yet but it introduces a tendency.} ({It would
have been safer to keep the queen active and ready for delivering perpetual
check. There are many ways to do that, one of them being} 32... Ng7 33. Qf6 Re8
34. Rxd5 Qg1 35. Rd2 Qh1+ 36. Rh2 Qf1+ 37. Rg2 $11) 33. Qf6 $36 Re8 34. Bf5 Ng7
35. Bd7 (35. Qxg5 $5 Qxa3 (35... Rxe5 36. Bh7+) 36. e6 fxe6 37. Re1 Qxf3 $13)
35... Re7 36. Bg4 d4 {Black, too, is ambitious.} ({He does not wish to play
for a draw with:} 36... Qc2 37. f4 Qh7+) 37. Re1 Qc3 38. Rd1 Qc5 $2 {This
could have led to trouble.} ({It was not too late for} 38... Qc2 39. Rxd4 Qh7+)
39. f4 gxf4 {Black's main chance is weakening the enemy king, but it is also
true that the last move clears the g-file for White's attack.} (39... Qxa3 40.
Qxg5 $16) 40. gxf4 Qxa3+ 41. Kh4 Re8 42. Rxd4 $2 ({Ivan confessed that he had
seen} 42. Rg1 $1 {but thought} Qe3 {would defend. In fact} 43. Rg3 $1 {leaves
Black short of adequate defences.} Re6 (43... Qe4 {[%cal Ge4h7]} 44. Qxg7+ $1
Kxg7 45. Bf5+ Kf8 46. Bxe4 $18 f6 47. Bg6 Re6 48. Bf5 Re7 49. e6) 44. Qd8+ $1 (
44. Bxe6 $2 Qxg3+ 45. Kxg3 Nh5+ 46. Kf3 Nxf6 47. Bc8 $11) 44... Re8 45. Qg5 $18
{and Black is helpless aganst the attack along the g-file.}) 42... Qe3 {
Things re-enter the drawish zone, but with both players in time trouble
already.} 43. Rd7 Rf8 44. f5 Qe1+ 45. Kh3 Qh1+ 46. Kg3 Qg1+ 47. Kf3 Qf1+ 48.
Kg3 Qg1+ 49. Kf3 Qa1 {Black is the first one to avoid the draw. The last move
prevents e5-e6. It is interesting to mention that around this moment this was
the only remaining game at the score 3-2 in our favour. I am not sure whether
my team mate knew the situation but his wish to win was obvious.} 50. Kg2 Qb2+
51. Kh3 Qc3+ 52. Kh4 a5 53. Qe7 ({And now White could have drawn with} 53. Rd8
Rxd8 (53... a4 54. Rxf8+ Kxf8 55. Qd6+) 54. Qxd8+ Kh7 55. Qe7 Qc4 56. Kg3 $11 {
[%cal Ge7h4,Ge7d8] But Ivan needed to win to save his team...}) 53... Qe1+ 54.
Kg5 Qc1+ 55. Kh4 Qh6+ 56. Kg3 Qe3+ 57. Kh4 Qf4 58. Qf6 (58. Qg5 {is an idea
Ivan got only later, when it did not work out properly already.} Qxe5 (58...
Qh2+ 59. Bh3) 59. f6 Qxg5+ 60. Kxg5 Ne8 61. Rxb7 $11) 58... Qh2+ 59. Bh3 $2 (
59. Kg5 $1 Qb2 60. e6 Qxf6+ 61. Kxf6 fxe6+ 62. Kg6 Nxf5 63. Rxb7 $11 Ra8 64.
Bxf5 exf5 65. Kxf5 a4 66. Rb2) 59... Qf2+ 60. Kg5 Ne8 $6 {Black probably
thought he had to defend against e5-e6, but the threat is not real.} (60... a4
$5 61. e6 $6 Qe3+ 62. Kg4 (62. Kh4 Qf4+ 63. Bg4 $2 Nxe6 $1 $19) 62... Qg1+ 63.
Kf3 fxe6 $17) 61. Qe7 Qe3+ 62. Kh4 Qh6+ 63. Kg4 $6 {Ivan said he wanted to
keep the Qg5 idea, with some attacking hopes in the ending, but with seconds
on his clock he overlooked the next move.} (63. Kg3 a4 64. Bg4 b5 65. Rd8 $11 {
soon forces Black to deliver the long awaited perpetual.}) 63... Kh8 $1 $15 (
63... a4 64. Qg5+ Qxg5+ 65. Kxg5 $11) 64. Qxf7 $2 {Premature panicking.} (64.
Bg2 $2 {loses to} Rg8+ 65. Kf3 Qc6+) ({But paradoxically the white king
escapes after} 64. Bf1 $1 Rg8+ 65. Kf3 Qh5+ 66. Kf2 Qxf5+ 67. Ke1 b6 68. Qh4+
Kg7 69. Qg3+ Kf8 70. Qa3+ Kg7 71. Qg3+ Qg6 72. Qxg6+ Kxg6 73. Rb7 $11) 64...
Rxf7 $19 65. Rxf7 Qc6 66. Kg5 Kg8 67. Re7 Qc1+ 68. Kg4 Qd1+ 69. Kg5 Qc1+ 70.
Kg4 Kf8 71. f6 Qh6 72. Re6 Qd2 73. Kh4 a4 74. Bg4 a3 75. Re7 Nxf6 76. exf6 Qh6+
77. Kg3 a2 0-1

[Event "ROM-ch"]
[Site "Iasi"]
[Date "1999.12.21"]
[Round "9"]
[White "Grigore, George Gabriel"]
[Black "Parligras, Mircea Emilian"]
[Result "1-0"]
[WhiteElo "2526"]
[BlackElo "2377"]
[Annotator "Marin,M"]
[PlyCount "143"]
[EventDate "1999.12.13"]
[EventType "tourn"]
[EventRounds "15"]
[EventCountry "ROU"]
[EventCategory "9"]
[SourceTitle "CBM 075"]
[Source "ChessBase"]
[SourceDate "2000.04.05"]
[SourceVersion "1"]
[SourceVersionDate "2000.04.05"]
[SourceQuality "1"]

1. d4 Nf6 2. c4 e6 3. Nc3 Bb4 4. Qc2 d5 5. a3 Bxc3+ 6. Qxc3 Nc6 7. e3 e5 8. Nf3
exd4 9. Nxd4 Nxd4 10. Qxd4 Be6 11. cxd5 Qxd5 12. Qxd5 Bxd5 13. f3 O-O-O 14. b4
Rhe8 15. Kf2 Bb3 16. e4 Nd7 17. Bf4 Ne5 18. Rc1 Re7 19. Rc3 Ba4 20. b5 Rd1 21.
g3 Kb8 22. Rg1 Rb1 23. Be2 Rb2 24. Bc1 Ra2 25. Ke3 {[#]} f5 $1 $17 26. h3 Nd7
27. Bd3 b6 28. Kf4 fxe4 29. fxe4 Ne5 30. Be3 Nxd3+ 31. Rxd3 Bxb5 32. Rc3 Rf7+
33. Ke5 Re2 34. Rgc1 c6 35. Ke6 Rf6+ 36. Ke7 Kb7 37. e5 Rf3 38. Bf4 Rxc3 39.
Rxc3 g5 40. Be3 c5 41. e6 h6 42. Kf7 Re1 43. e7 Rf1+ 44. Kg7 Kc8 45. Bxc5 Kd7
46. Re3 Ke8 47. Bd6 Rd1 48. Re6 h5 49. Rf6 Kd7 50. Rf8 Ke6 51. Bb4 a5 52. Rd8
Rh1 53. e8=Q+ Bxe8 54. Rxe8+ Kd7 55. Re7+ Kd8 56. Re1 Rxh3 57. Bd6 Kd7 58. Rd1
Kc6 59. Kg6 g4 60. Kg5 b5 61. Be5 Kc5 62. Rd8 b4 63. a4 b3 64. Rb8 Kc4 65. Rb5
Rh2 66. Rxa5 Kb4 67. Ra8 Re2 68. Bf6 Re3 69. a5 Rxg3 70. a6 b2 71. Rb8+ Kc5 72.
Bxb2 1-0

[Event "WchT 8th"]
[Site "Ningbo"]
[Date "2011.07.21"]
[Round "5.2"]
[White "Nepomniachtchi, Ian"]
[Black "Amin, Bassem"]
[Result "1-0"]
[WhiteElo "2711"]
[BlackElo "2609"]
[Annotator "Marin,M"]
[PlyCount "91"]
[EventDate "2011.07.17"]
[EventType "team-tourn"]
[EventRounds "9"]
[EventCountry "CHN"]
[SourceTitle "CBM 144"]
[Source "ChessBase"]
[SourceDate "2011.09.16"]
[SourceVersion "1"]
[SourceVersionDate "2011.09.16"]
[SourceQuality "1"]
[WhiteTeam "Russia"]
[BlackTeam "Egypt"]
[WhiteTeamCountry "RUS"]
[BlackTeamCountry "EGY"]

1. d4 Nf6 2. c4 e6 3. Nc3 Bb4 4. Qc2 O-O 5. a3 Bxc3+ 6. Qxc3 d5 7. Bg5 dxc4 8.
Qxc4 b6 9. Rd1 Ba6 10. Qa4 Qd7 11. Qc2 Qc6 12. Qxc6 Nxc6 13. Bxf6 gxf6 14. Nf3
Rfd8 $146 {This novelty does not change the evaluation of the whole line as
unpleasant for Black.} (14... Ne7 15. e3 Bb7 16. Be2 $1 ({By means of rapid
development, White avoids the drawish simplifications arising after} 16. Rc1
Rfc8 17. Bd3 c5 18. dxc5 bxc5 19. Ke2 Rab8 20. Rc2 c4 $1 $11 {Wang Hao (2724)
-Kramnik,V (2780)/Shanghai 2010/CBM 138 (1/2, 47)}) 16... Rfc8 17. O-O Kf8 18.
Rc1 c5 19. dxc5 bxc5 20. Nd2 Rab8 21. Rc2 f5 22. Rd1 Bc6 23. b3 Bd5 24. Rc3 $14
{Dreev,A (2697)-Movsesian,S (2716)/Olginka 2011/CBM 142 (1-0, 58)}) 15. e3 Bxf1
16. Rxf1 Na5 17. Ke2 Rac8 18. Rd2 Kf8 19. Rb1 Ke8 20. Rc2 Nb7 21. Rbc1 $14 {
/+/- Black has pawn weaknesses on both wings and he also lacks space. White's
advantage may not be that big yet, but it certainly has enduring character.}
Kd7 22. b4 a5 23. g4 axb4 24. axb4 h6 25. h4 Rf8 26. g5 $1 $16 {This may look
like a declaration of war on the kingside, but the real target is the opposite
wing!} hxg5 27. hxg5 fxg5 28. Ne5+ Kd8 29. Nc6+ Kd7 30. Na7 Nd6 31. Kd3 g4 32.
e4 Rh8 33. Ke3 Rh3+ 34. Kf4 Rch8 35. Rxc7+ Kd8 36. Ke5 Ne8 37. Rxf7 R8h5+ 38.
Kxe6 Rh6+ 39. Ke5 R6h5+ 40. Rf5 Rxf5+ 41. Kxf5 Rf3+ 42. Kxg4 Rxf2 43. Kg3 Rb2
44. Nc6+ Kd7 45. Ne5+ Kd8 46. Kf4 1-0

[Event "EU-ch 11th"]
[Site "Rijeka"]
[Date "2010.03.08"]
[Round "3"]
[White "Golod, Vitali"]
[Black "Almasi, Zoltan"]
[Result "1/2-1/2"]
[WhiteElo "2590"]
[BlackElo "2720"]
[Annotator "Marin,M"]
[PlyCount "35"]
[EventDate "2010.03.06"]
[EventType "swiss"]
[EventRounds "11"]
[EventCountry "CRO"]
[SourceTitle "CBM 136"]
[Source "ChessBase"]
[SourceDate "2010.05.18"]
[SourceVersion "1"]
[SourceVersionDate "2010.05.18"]
[SourceQuality "1"]

1. d4 Nf6 2. c4 e6 3. Nc3 Bb4 4. Qc2 O-O 5. a3 Bxc3+ 6. Qxc3 d5 7. Nf3 (7. cxd5
Ne4 8. Qc2 exd5 9. Bf4 Nc6 {Carlsen,M (2801)-Kramnik,V (2772)/Moscow 2009/CBM
133/[Krasenkow] (1/2, 58)}) 7... dxc4 8. Qxc4 b6 9. Bg5 Ba6 10. Qa4 c5 11. dxc5
(11. Rd1 cxd4 12. Nxd4 Qd7 13. Qxd7 Nbxd7 14. f3 Rac8 15. e4 Bxf1 16. Rxf1 Rc5
17. Be3 Ne5 18. b3 Rfc8 19. Ke2 Nc6 20. Nxc6 R5xc6 21. Rc1 Kf8 $11 {Buss,R 
(2416)-Ruck,R (2570)/Rijeka 2010/CBM 136 (1/2, 35)}) 11... bxc5 12. Rd1 Qb6 13.
Bxf6 gxf6 14. Rd2 Nc6 15. Qg4+ Kh8 16. Qh4 Kg7 17. Qg4+ Kh8 18. Qh4 {The same
moves and result as in Carlsen,M (2772)-Kramnik,V (2759)/Dortmund 2009/CBM 131.
} 1/2-1/2

[Event "World Cup"]
[Site "Khanty-Mansiysk"]
[Date "2009.11.21"]
[Round "1.1"]
[White "Grachev, Boris V"]
[Black "Bartel, Mateusz"]
[Result "1/2-1/2"]
[WhiteElo "2652"]
[BlackElo "2618"]
[Annotator "Marin,M"]
[PlyCount "42"]
[EventDate "2009.11.21"]
[EventType "k.o."]
[EventRounds "7"]
[EventCountry "RUS"]
[SourceTitle "CBM 134"]
[Source "ChessBase"]
[SourceDate "2010.01.18"]
[SourceVersion "1"]
[SourceVersionDate "2010.01.18"]
[SourceQuality "1"]

1. d4 Nf6 2. c4 e6 3. Nc3 Bb4 4. Qc2 O-O 5. a3 Bxc3+ 6. Qxc3 d5 7. e3 b6 8. Nf3
Ba6 {A rare move. Black aims to exchange the light-squared bishops, which
favours him in the long run. However, after White's next move he will have to
give up the centre, which will leave White with some initiative.} (8... Bb7 {
is the main line.}) 9. b4 $1 {This position arose not only in the mini-match
at normal time rate, but also during the rapid games (twice!)} Bxc4 ({The
third game in which this line was played went} 9... dxc4 10. Bxc4 Ne4 11. Qc2
Bxc4 12. Qxc4 Qd5 13. Qc2 Nd7 14. O-O Rfc8 15. Bb2 Nd6 16. Rac1 a5 17. Ne5 Nxe5
18. dxe5 Ne8 19. Rfd1 Qb5 20. Qc6 {1/2 Grachev,B (2652)-Bartel,M (2618)/Khanty
Mansiysk 1.6 2009}) 10. Bxc4 dxc4 11. Qxc4 Qd5 12. Qxd5 Nxd5 ({In the next
game where this line was played, Black tried to improve with} 12... exd5 {
, but the opening's result did not seem entirely satisfactory.} 13. a4 Nbd7 14.
Ba3 Rfc8 15. Ke2 c6 16. Rhc1 {WHite intends to build up his queenside attack
slowly. It can be felt that Black should react immediately.} b5 $6 ({This
attempt to consolidate on light squares will fail painfully.} 16... a5 $5 {
may be better.}) 17. Ne5 Nxe5 18. dxe5 Nd7 19. Bb2 Nb6 20. axb5 cxb5 (20... Nc4
21. Bd4 cxb5 22. Ra6 Rc7 23. f4 $16) 21. Rxc8+ Rxc8 22. Bd4 Na4 23. Bxa7 Rc4
24. Bc5 $16 {Grachev,B (2652)-Bartel,M (2618)/Khanty Mansiysk 1.4 2009 (1/2,
37). Be it as it may, in his next game with White (7th of the match), Grachev
finally deviated with... 1.Nf3. Probably he was disappointed by the fact that
he could not win any single game from three more pleasant positions in the
Nimzo Indian.}) 13. Bd2 Nd7 14. Ke2 c5 15. Rhc1 {This also looks slightly
better for White. His king is active and the bishop may become very strong.}
Rfc8 16. bxc5 bxc5 17. Rab1 N5b6 18. dxc5 Nxc5 19. Nd4 Ne4 20. Nc6 Nxd2 21.
Kxd2 Kf8 1/2-1/2